ბათუმის შოთა რუსთაველის სახელმწიფო უნივერსიტეტის ბიბლიოთეკა

Психологическое консультирование груповая психотерапия. (ბიბ.ჩანაწერი № 44556)

000 -LEADER
fixed length control field 00930nam a2200277Ia 4500
001 - CONTROL NUMBER
control field 11359
003 - CONTROL NUMBER IDENTIFIER
control field GE_BSU
008 - FIXED-LENGTH DATA ELEMENTS--GENERAL INFORMATION
fixed length control field 181216s||||||||xx |||||||||||||| ||und||
020 ## - INTERNATIONAL STANDARD BOOK NUMBER
International Standard Book Number 9785902357964
040 ## - CATALOGING SOURCE
Transcribing agency GE_BSU
080 ## - UNIVERSAL DECIMAL CLASSIFICATION NUMBER
Universal Decimal Classification number 159.9.07
100 ## - MAIN ENTRY--PERSONAL NAME
Personal name Кочюнас,Р.
245 ## - TITLE STATEMENT
Title Психологическое консультирование груповая психотерапия.
245 ## - TITLE STATEMENT
Remainder of title Учебное пособие для вузов.
250 ## - EDITION STATEMENT
Edition statement 7е изд.
260 ## - PUBLICATION, DISTRIBUTION, ETC.
Place of publication, distribution, etc. Москва.
260 ## - PUBLICATION, DISTRIBUTION, ETC.
Name of publisher, distributor, etc. Академический Проект; Фонд Мир.
260 ## - PUBLICATION, DISTRIBUTION, ETC.
Date of publication, distribution, etc. 2010.
300 ## - PHYSICAL DESCRIPTION
Extent 463стр;21см.
300 ## - PHYSICAL DESCRIPTION
Accompanying material Библиогр стр:453-462
653 ## - INDEX TERM--UNCONTROLLED
Uncontrolled term Психологическое консультирование груповая психотерапия.
653 ## - INDEX TERM--UNCONTROLLED
Uncontrolled term Психология
653 ## - INDEX TERM--UNCONTROLLED
Uncontrolled term ფსიქოლოგია
942 ## - ADDED ENTRY ELEMENTS (KOHA)
Koha item type წიგნი
ეგზემპლარები
Withdrawn status Lost status Damaged status Not for loan Date acquired Barcode Date last seen Price effective from Koha item type
        2018-12-17 35404 2018-12-17 2018-12-17 წიგნი
        2018-12-17 35405 2018-12-17 2018-12-17 წიგნი